Princípios fundamentales y métodos de riego
Saved in:
| Main Author: | |
|---|---|
| Format: | Book |
| Language: | Spanish |
| Published: |
Santiago
Universidad Católica de Chile
1978
|
| Subjects: | |
| Tags: |
Add Tag
No Tags, Be the first to tag this record!
|
MARC
| LEADER | 00000nam a2200000 a 4500 | ||
|---|---|---|---|
| 001 | UCR2174 | ||
| 003 | CL-VaPUC | ||
| 008 | 980109e19780000CL |||||||||||||||||spa|d | ||
| 082 | 0 | 4 | |a 631.7 |b GUR |2 21 |
| 100 | |a Gurovich Rosenberg, Luis Alberto |e autor |9 421153 | ||
| 245 | 1 | 0 | |a Princípios fundamentales y métodos de riego |
| 300 | |a 149 p | ||
| 942 | |c BK | ||
| 945 | |d 19980109 00:00:00 |a jquezada | ||
| 260 | |a Santiago |b Universidad Católica de Chile |c 1978 | ||
| 650 | 7 | |a EDAFOLOGIA |2 CL-VaPUC |9 399947 | |
| 650 | 7 | |a METODOS DE RIEGO |2 CL-VaPUC |9 399948 | |
| 650 | 0 | |a Riego |9 259685 | |
| 650 | 0 | |a Desarrollo económico |9 259599 | |
| 650 | 7 | |a CONSERVACION DE LOS SUELOS |2 CL-VaPUC |9 399949 | |
| 650 | 0 | |a Agricultura |9 255598 | |
| 650 | 0 | |a Agua |9 257149 | |
| 650 | 0 | |a Cultivos |9 264356 | |
| 650 | 7 | |a SURCOS |2 CL-VaPUC |9 399950 | |
| 583 | |a last modification |c 19980109 00:00:00 |k Rodrigo Vera | ||
| 999 | |c 265437 |d 265435 | ||